On Screen B1+ (Registro nro. 2067)

Detalles MARC
000 -LEADER
fixed length control field 02675nam a22002177a 4500
003 - CONTROL NUMBER IDENTIFIER
control field OSt
005 - DATE AND TIME OF LATEST TRANSACTION
control field 20260413090527.0
008 - FIXED-LENGTH DATA ELEMENTS--GENERAL INFORMATION
fixed length control field 260413b |||||||| |||| 00| 0 eng d
020 ## - INTERNATIONAL STANDARD BOOK NUMBER
International Standard Book Number 9781471521386
082 ## - DEWEY DECIMAL CLASSIFICATION NUMBER
Edition number 9781471521386
Classification number 9781471521386
Item number 9781471521386
100 ## - MAIN ENTRY--PERSONAL NAME
Personal name Virginia Evans y Jenny Dooley
245 ## - TITLE STATEMENT
Title On Screen B1+
Remainder of title Student's Book
250 ## - EDITION STATEMENT
Edition statement 1st Edition
260 ## - PUBLICATION, DISTRIBUTION, ETC.
Place of publication, distribution, etc. Newbury, Reino Unido
Name of publisher, distributor, etc. Express Publishing
Date of publication, distribution, etc. 2014
300 ## - PHYSICAL DESCRIPTION
Extent 208 pág
Dimensions 21 x 29.5 cm
490 ## - SERIES STATEMENT
Materials specified plastificado brillante couché
520 ## - SUMMARY, ETC.
Summary, etc. El objetivo principal del On Screen B1+ - Student's Book es proporcionar una plataforma de aprendizaje integral que lleve al estudiante desde un nivel intermedio hacia un nivel intermedio-alto. El libro busca equilibrar el desarrollo de las cuatro destrezas lingüísticas básicas —lectura, escritura, audición y habla— mediante un enfoque comunicativo y dinámico adaptado a jóvenes y adultos.<br/>En el ámbito gramatical y léxico, el texto tiene como meta consolidar estructuras complejas y ampliar el vocabulario académico y cotidiano. A través de secciones denominadas Grammar in Use y Vocabulary Builder, el estudiante aprende no solo reglas aisladas, sino cómo aplicar el idioma de manera precisa en contextos reales, mejorando su fluidez y corrección gramatical.<br/>Otro propósito fundamental es el desarrollo del pensamiento crítico y las habilidades del siglo XXI. El libro incluye tareas que desafían al alumno a analizar problemas globales, expresar opiniones fundamentadas y trabajar de forma colaborativa. Esto prepara a los estudiantes para enfrentar situaciones de la vida real donde el inglés es el medio principal de intercambio de ideas.<br/>El manual también actúa como un puente hacia la certificación oficial, alineándose con las exigencias del nivel B1+ del Marco Común Europeo de Referencia (MCER). Contiene secciones específicas de preparación para exámenes internacionales, familiarizando al alumno con los formatos de pruebas de Cambridge, IELTS o TOEFL, lo que reduce la ansiedad y mejora el rendimiento en evaluaciones formales.<br/>Finalmente, el objetivo cultural y motivacional es exponer al estudiante a una gran variedad de temas de interés mundial, desde la tecnología hasta el medio ambiente. Al integrar contenido CLIL (Aprendizaje Integrado de Contenidos y Lenguas Extranjeras), el libro asegura que el aprendizaje del inglés no sea un fin en sí mismo, sino una herramienta para adquirir conocimientos sobre otras áreas del saber humano.<br/>
650 ## - SUBJECT ADDED ENTRY--TOPICAL TERM
Topical term or geographic name entry element People & Relationships
Form subdivision Entertainment
General subdivision Travel & Holidays
700 ## - ADDED ENTRY--PERSONAL NAME
Personal name Virginia Evans y Jenny Dooley
942 ## - ADDED ENTRY ELEMENTS (KOHA)
Source of classification or shelving scheme Dewey Decimal Classification
Koha item type Acceso Libre
Suppress in OPAC No
Existencias
Withdrawn status Lost status Source of classification or shelving scheme Damaged status Not for loan Collection Home library Current library Shelving location Date acquired Source of acquisition Coded location qualifier Inventory number Total checkouts Full call number Barcode Date last seen Copy number Price effective from Koha item type
    Dewey Decimal Classification     Estantería F Fila 2 Biblioteca Stanford Biblioteca Stanford Biblioteca Abierta 13.04.2026 IDIOMAS 0491 0491   INGLES IDIOMA0491 13.04.2026 1 13.04.2026 Acceso Libre
Bienvenido a nuestra Biblioteca